| 000 | 00944cab a22002415a 4500 | ||
|---|---|---|---|
| 001 | L159894 | ||
| 008 | 150113e2017 xxk 000 0 eng d | ||
| 035 | _a(Sirsi) u159894 | ||
| 041 | 0 | _aeng | |
| 050 | _a691.6 | ||
| 100 | 1 | _aKennedy, Craig | |
| 245 | 0 | 0 |
_aWindow glass _h[electronic resource] |
| 260 |
_aLondon _bRICS _c2017 |
||
| 490 | _aBuilding Materials Information Sheet | ||
| 490 |
_aRICS Building Surveying Journal _vOctober - November 2017, 31(1) |
||
| 520 | _aWindow glass is one of the most common building materials. It is long-lasting, resistant to decay and relatively ubiquitous. Identifying glass of different ages and types can be diffcult, however. | ||
| 650 | 2 | 4 | _aGLASS |
| 650 | 2 | 4 | _aBUILT ENVIRONMENT-BUILDING MATERIALS |
| 651 | 4 |
_aUnited Kingdom _y |
|
| 856 | 4 | 0 |
_uhttps://issuu.com/ricsmodus/docs/building_surveying_journal_october__45ef6cafff2b21 _yAvailable free online via Issuu |
| 856 | 4 | 0 |
_u _z |
| 942 | _n0 | ||
| 999 |
_c85049 _d85049 |
||